<?xml version="1.0" encoding="UTF-8"?><?xml-stylesheet type="text/xsl" href="static/style.xsl"?><OAI-PMH xmlns="http://www.openarchives.org/OAI/2.0/" xmlns:xsi="http://www.w3.org/2001/XMLSchema-instance" xsi:schemaLocation="http://www.openarchives.org/OAI/2.0/ http://www.openarchives.org/OAI/2.0/OAI-PMH.xsd"><responseDate>2026-04-28T12:23:50Z</responseDate><request verb="GetRecord" identifier="oai:uvadoc.uva.es:10324/25152" metadataPrefix="marc">https://uvadoc.uva.es/oai/request</request><GetRecord><record><header><identifier>oai:uvadoc.uva.es:10324/25152</identifier><datestamp>2021-06-30T07:33:01Z</datestamp><setSpec>com_10324_6435</setSpec><setSpec>com_10324_5186</setSpec><setSpec>com_10324_29291</setSpec><setSpec>col_10324_25138</setSpec></header><metadata><record xmlns="http://www.loc.gov/MARC21/slim" xmlns:doc="http://www.lyncode.com/xoai" xmlns:xsi="http://www.w3.org/2001/XMLSchema-instance" xmlns:dcterms="http://purl.org/dc/terms/" xsi:schemaLocation="http://www.loc.gov/MARC21/slim http://www.loc.gov/standards/marcxml/schema/MARC21slim.xsd">
<leader>00925njm 22002777a 4500</leader>
<datafield tag="042" ind1=" " ind2=" ">
<subfield code="a">dc</subfield>
</datafield>
<datafield tag="720" ind1=" " ind2=" ">
<subfield code="a">Romero Carnicero, María Victoria</subfield>
<subfield code="e">author</subfield>
</datafield>
<datafield tag="720" ind1=" " ind2=" ">
<subfield code="a">Crespo Mancho, María Julia</subfield>
<subfield code="e">author</subfield>
</datafield>
<datafield tag="720" ind1=" " ind2=" ">
<subfield code="a">Lión Bustillo, Cristina</subfield>
<subfield code="e">author</subfield>
</datafield>
<datafield tag="260" ind1=" " ind2=" ">
<subfield code="c">2016</subfield>
</datafield>
<datafield tag="520" ind1=" " ind2=" ">
<subfield code="a">Se dan a conocer algunas piezas más de estos ceramistas que elaboraron vasos de sigillata de tipo sudgálico en el interior de la Península Ibérica. Se reúne la producción de cada uno de ellos y se reflexiona sobre su origen y sobre el ámbito de comercialización de sus productos. Se valora finalmente dónde y cuándo desarrollaron su actividad y el papel que jugaron en el abastecimiento cerámico del interior peninsular.</subfield>
</datafield>
<datafield tag="520" ind1=" " ind2=" ">
<subfield code="a">Further examples are provided of the ware produced by these ceramists who made South Gaulish style sigillata in inland Iberian Peninsula. The production of each ceramist is brought together and some reflections are made as to their origin and where their products might have been distributed. Thought is given as to where and when they might have plied their trade and the role they played in supplying pottery to the inner areas of the peninsula.</subfield>
</datafield>
<datafield tag="024" ind2=" " ind1="8">
<subfield code="a">BSAA Arqueología, 2016, N.82, pags.155-193</subfield>
</datafield>
<datafield tag="024" ind2=" " ind1="8">
<subfield code="a">1888-976X</subfield>
</datafield>
<datafield tag="024" ind2=" " ind1="8">
<subfield code="a">http://uvadoc.uva.es/handle/10324/25152</subfield>
</datafield>
<datafield tag="024" ind2=" " ind1="8">
<subfield code="a">155</subfield>
</datafield>
<datafield tag="024" ind2=" " ind1="8">
<subfield code="a">82</subfield>
</datafield>
<datafield tag="024" ind2=" " ind1="8">
<subfield code="a">193</subfield>
</datafield>
<datafield ind1=" " ind2=" " tag="653">
<subfield code="a">Arqueología</subfield>
</datafield>
<datafield tag="245" ind1="0" ind2="0">
<subfield code="a">De nuevo sobre "M.C.R.", "Asiaticus" y "Maternus"</subfield>
</datafield>
</record></metadata></record></GetRecord></OAI-PMH>